| 000 | 00503nam a22001817a 4500 | ||
|---|---|---|---|
| 003 | CEME | ||
| 005 | 20210628203206.0 | ||
| 008 | 210203b xxu||||| |||| 00| 0 eng d | ||
| 020 | _a9788127239060 | ||
| 040 | _c. | ||
| 082 | _a657 JAI | ||
| 100 |
_aJain, S.P , Narang, K.L _963884 |
||
| 245 | _aBasic accounting , for bca students of pubjab technical university | ||
| 260 |
_aINDIA _bKALYANI PUBLISHERS _c2008 |
||
| 300 | _a441Pv | ||
| 650 |
_aACCOUNTING.BASIC ACCOUNTING _963885 |
||
| 942 |
_cBK _2ddc |
||
| 999 |
_c572578 _d572578 |
||